| 000 | 00810nam a2200241 a 4500 | ||
|---|---|---|---|
| 001 | BRCA_5388 | ||
| 005 | 20190320205045.0 | ||
| 008 | 091210c1982----enka######---#000-0#eng-# | ||
| 020 | _a0856671657 | ||
| 041 | _aeng | ||
| 044 | _aenk | ||
| 050 | 4 |
_aN5208.5 _b.A78 1982 |
|
| 245 | 1 | 0 |
_aArt at Auction _bThe year at Sotheby´s 1981-82 : two hundred and forty-eighth season _ceditor Tim Ayers. |
| 260 |
_aInglaterra _bSotheby _c1982 |
||
| 300 |
_a392 p. _bil. (algunas a color) _c27 cm. |
||
| 500 | _aIncluye notas a los contribuyentes e índice de nombres | ||
| 500 | _aDonación Héctor Rivero Borrell Vázquez. | ||
| 650 | 1 | 4 |
_aSubastas _xColeccionistas y colecciones _910730 |
| 650 | 1 | 4 |
_aArte _xColeccionistas y colecciones _97445 |
| 700 | 1 |
_aAyers, Tim _eEditor _913783 |
|
| 902 | _aDHR | ||
| 942 |
_2lcc _cB |
||
| 999 |
_c5082 _d5082 |
||